00842nam a2200217 a 4500001001000000003000500010005001700015008004100032010001100073011001100084040000900095100003100104245016100135260004100296500006000337502007700397650002600474650002800500650002600528856007000554000114615CHAP20220329144449.0180309s2017 mx a fsm |||||||spa d a111076 a112048 cCHAP1 aSánchez Álvarez, Iseli10aDescripción y caracterización de la calabaza (Cucurbita pepo L.) variedad brujita, con fines de registro /h[En línea]cpor Iseli Sánchez Álvarez. aChapingo, Méx. :bEl autor,c2017. aPara ver el contenido del material haga clic en la liga aTesis (Ing. Agr. Esp. en Fitotecnia) -- UACH. Departamento de Fitotecnia14aCalabazaxGenética.14aCalabazaxMejoramiento.14aCalabazaxVariedades. aFinding aiduhttp://10.13.5.2/tesis/sist114615.pdfzTeclea aquí